| 000 | 00352nam a22001577a 4500 | ||
|---|---|---|---|
| 005 | 20160615150312.0 | ||
| 008 | 160615b xxu||||| |||| 00| 0 eng d | ||
| 020 | _a0-8264-5219-1 | ||
| 041 | _aeng | ||
| 082 | _b7798 | ||
| 245 | _aSuccessful Event Management | ||
| 260 |
_bContinum _c2001 |
||
| 300 | _a272 | ||
| 650 |
_aManagement _9241 |
||
| 942 | _cBK | ||
| 999 |
_c2807 _d2806 |
||